Professional Rich Internet Application AJAX and beyond (Record no. 19832)
[ view plain ]
| 000 -LEADER | |
|---|---|
| fixed length control field | 00355nam a2200157Ia 4500 |
| 082 ## - DEWEY DECIMAL CLASSIFICATION NUMBER | |
| Classification number | 4.65 |
| Item number | MOO |
| 100 ## - MAIN ENTRY--PERSONAL NAME | |
| Personal name | Moore/Dana/ Budd/Raymond |
| 245 ## - TITLE STATEMENT | |
| Title | Professional Rich Internet Application AJAX and beyond |
| 260 ## - PUBLICATION, DISTRIBUTION, ETC. | |
| Name of publisher, distributor, etc. | Wiley |
| Date of publication, distribution, etc. | 2007 |
| 366 ## - TRADE AVAILABILITY INFORMATION | |
| Publishers's discount category | 27 |
| 546 ## - LANGUAGE NOTE | |
| Language note | ENGLISH |
| -- | Computers |
| 650 ## - SUBJECT ADDED ENTRY--TOPICAL TERM | |
| Topical term or geographic name entry element | AJAX |
| 654 ## - SUBJECT ADDED ENTRY--FACETED TOPICAL TERMS | |
| Focus term | ajax |
| 942 ## - ADDED ENTRY ELEMENTS (KOHA) | |
| Koha item type | BOOK |
| Withdrawn status | Lost status | Damaged status | Not for loan | Collection | Home library | Current library | Date acquired | Source of acquisition | Cost, normal purchase price | Inventory number | Total Checkouts | Full call number | Barcode | Date last seen | Cost, replacement price | Price effective from | Koha item type |
|---|---|---|---|---|---|---|---|---|---|---|---|---|---|---|---|---|---|
| CRC | Fr. Agnel's C.Rodrigues College of Engineering | Fr. Agnel's C.Rodrigues College of Engineering | 17/03/2023 | Allied Publishers | 583.27 | 959 dt 13.10.2014 | 4.65 MOO | 23594 | 11/02/2025 | 799.00 | BOOK |